00834nam a2200229 a 450000100060000000300080000600500170001400800410003103500190007204000220009104100080011308200290012110000650015024501000021526000300031530000260034550000190037165000410039094200120043199900170044395201440046058404BD-RjUL20211209080621.0161218s1953 enk 1 0 eng d a(BD-RjUL)58528 aNUNbengcNUNdNU aeng04a331.880942223bCOA 19531 aCole, G. D. H.q(George Douglas Howard),d1889-1959.917347210aAttempts at general union :ba study in British trade union history, 1818-1834 /cG. D. H. Cole aLond. :bMacmillan,c1953 a[8], 218 p. ;c17 cm. aIncludes index 0aLabor unionszGreat Britain.9172710 2ddccBK c58404d58404 00102ddc40718NFICaRUCLbRUCLcReadingd1963-11-06eZeitlingerg16.00l0o331.880942 COA 1953r2016-12-18 00:00:00tC-1w2016-12-18yBK